Informe nacional de educación: national report

Kaydedildi:
Detaylı Bibliyografya
Müşterek Yazar: Ministerio de Educación y Ciencia (Yazar)
Materyal Türü: Kitap
Dil:İspanyolca
İngilizce
Baskı/Yayın Bilgisi: Madrid Ministerio de Educación y Ciencia 1990
Konular:
Etiketler: Etiketle
Etiket eklenmemiş, İlk siz ekleyin!

MARC

LEADER 00000nam a2200000 a 4500
001 UCN9431
003 CL-VaPUC
005 20210921074656.0
008 011207e19900000sp 1 spa d
041 0 7 |a spa  |2 CL-VaPUC 
041 0 7 |a eng  |2 CL-VaPUC 
082 0 4 |a 379.1  |b MIN  |2 21 
110 2 |a Ministerio de Educación y Ciencia  |e author  |9 620042 
245 1 0 |a Informe nacional de educación: national report 
246 1 0 |a Desarrollo de la educación. Informe nacional de España 
260 |a Madrid  |b Ministerio de Educación y Ciencia  |c 1990 
300 |a 109 p 
583 |a last modification  |c 20011207 00:00:00  |k Rodrigo Vera 
650 0 0 |a Estado y educación   |9 311264 
650 0 0 |a Planificación de la educación   |9 307333 
650 0 0 |a Desarrollo social  |9 264534 
650 0 0 |a Innovaciones pedagógicas  |9 307471 
650 0 7 |a REFORMA EDUCACIONAL ESPAÑOLA  |2 CL-VaPUC  |9 564453 
651 0 |a España  |9 254926 
942 |c BK 
945 |a cmena  |d 20011207 00:00:00 
546 |a En Español 
546 |a En Inglés 
518 |p Conferencia Internacional de Educación, 42, Ginebra, 1990 
999 |c 383732  |d 383730 
952 |0 0  |1 0  |4 0  |6 379_100000000000000_MIN_1990  |7 0  |8 P  |9 505972  |a BIBEDU  |b BIBEDU  |c BIBEDU_PB  |d 2020-01-23  |i 3781291  |o 379.1 MIN 1990  |p 3781291  |r 2024-01-25  |w 2020-01-23  |y BK  |k BME